Documentos relativos a la revolución de Gual y España: precedidos de un estudio histórico-crítico del doctor Héctor García Chuecos

Enregistré dans:
Détails bibliographiques
Format: Livre
Langue:espagnol
Publié: Caracas, Venezuela Instituto Panamericano de Geografía e Historia 1949
Sujets:
Tags: Ajouter un tag
Pas de tags, Soyez le premier à ajouter un tag!

MARC

LEADER 00000nam a2200000 a 4500
001 UCO3770
003 CL-VaPUC
005 20250224160607.0
008 000720e19490000VE |||||||||||||||||spa|d
999 |c 289901  |d 289899 
040 |c Pontificia Universidad Católica de Valparaíso 
082 0 4 |a 987.03 DOC 1949  |2 21 
245 1 0 |a Documentos relativos a la revolución de Gual y España:  |b  precedidos de un estudio histórico-crítico del doctor Héctor García Chuecos 
260 |a Caracas, Venezuela  |b Instituto Panamericano de Geografía e Historia  |c 1949 
300 |a 369 páginas 
583 |a last modification  |c 20000720 00:00:00  |k Rodrigo Vera 
650 0 |a Historia de Venezuela  |9 446382 
650 7 |a COLONIA  |2 CL-VaPUC  |9 447680  |z VENEZUELA 
650 7 |a FUENTES HISTORICAS  |2 CL-VaPUC  |9 255666  |z VENEZUELA 
852 |a BIBCUR 
942 |c BK  |2 ddc 
945 |d 20000720 00:00:00  |a crobeson 
952 |0 0  |1 0  |2 ddc  |4 0  |6 987_030000000000000_DOC_1949  |7 0  |8 X  |9 338852  |a BIBHIS  |b BIBHIS  |d 2019-11-20  |i 1200755  |o 987.03 DOC 1949  |p 1200755  |r 2024-01-30  |t 1  |w 2019-11-20  |y BK_X  |k HIS 
952 |0 0  |1 0  |2 ddc  |4 0  |6 987_030000000000000_DOC_1949  |7 0  |8 X  |9 338853  |a BIBHIS  |b BIBHIS  |d 2019-11-20  |i 1200763  |o 987.03 DOC 1949  |p 1200763  |r 2024-01-30  |t 2  |w 2019-11-20  |y BK_X  |k HIS